Catalog

Record Details

Catalog Search



This was a man : the final volume of the Clifton chronicles  Cover Image Book Book

This was a man : the final volume of the Clifton chronicles / Jeffrey Archer.

Summary:

Harry Clifton sets out to write his magnum opus, while his wife Emma completes her ten years as Chairman of the Bristol Royal Infirmary, and receives an unexpected call from Margaret Thatcher offering her a job. Sebastian Clifton becomes chairman of Farthings Kaufman bank, but only after Hakim Bishara has to resign for personal reasons. Sebastian and Samantha's talented daughter, Jessica, is expelled from the Slade School of Fine Art, but her aunt Grace comes to her rescue. In Whitehall, Giles Barrington discovers the truth about his wife Karin from the Cabinet Secretary. Is she a spy or a pawn in a larger game? Meanwhile, Lady Virginia is about to flee the country to avoid her creditors when the Duchess of Hertford dies, and she sees another opportunity to clear her debts and finally trump the Cliftons and Barringtons. In a devastating twist, tragedy engulfs the Clifton family when one of them receives a shocking diagnosis that will throw all their lives into turmoil.

Record details

  • ISBN: 9781250061638
  • ISBN: 1250061636
  • ISBN: 9781250131799 (signed edition)
  • ISBN: 1250131790 (signed edition)
  • Physical Description: 403 pages ; 25 cm
  • Edition: First U.S. Edition.
  • Publisher: New York : St. Martin's Press, ©2016.
Subject: Clifton, Harry (Fictitious character) > Fiction.
Families > Fiction.
Social classes > England > Fiction.
Great Britain > History > 20th century > Fiction.
Genre: Suspense fiction
Thrillers (Fiction)

Available copies

  • 1 of 1 copy available at scottsboropl.

Holds

  • 0 current holds with 1 total copy.
Show All Copies
Location Call Number / Copy Notes Barcode Shelving Location Status Due Date
scottsboropl F Arc 32269001035040 Adult - Fiction Available -

LDR 02464nam a2200433 i 4500
001142453
003CONS
00520161220112236.0
008160909s2016 nyu 000 1 eng
010 . ‡a 2016036799
020 . ‡a9781250061638 ‡q(hardback)
020 . ‡a1250061636 ‡q(hardback)
020 . ‡a9781250131799 (signed edition)
020 . ‡a1250131790 (signed edition)
035 . ‡a(CPomAG)LMN597288
042 . ‡apcc
043 . ‡ae-uk-en
05000. ‡aPR6051.R285 ‡bT48 2016
08200. ‡a823/.914 ‡223
1001 . ‡aArcher, Jeffrey, ‡d1940- ‡eauthor.
24510. ‡aThis was a man : ‡bthe final volume of the Clifton chronicles / ‡cJeffrey Archer.
250 . ‡aFirst U.S. Edition.
264 1. ‡aNew York : ‡bSt. Martin's Press, ‡c©2016.
300 . ‡a403 pages ; ‡c25 cm
336 . ‡atext ‡btxt ‡2rdacontent
337 . ‡aunmediated ‡bn ‡2rdamedia
338 . ‡avolume ‡bnc ‡2rdacarrier
4901 . ‡aClifton chronicles ; ‡v7
520 . ‡aHarry Clifton sets out to write his magnum opus, while his wife Emma completes her ten years as Chairman of the Bristol Royal Infirmary, and receives an unexpected call from Margaret Thatcher offering her a job. Sebastian Clifton becomes chairman of Farthings Kaufman bank, but only after Hakim Bishara has to resign for personal reasons. Sebastian and Samantha's talented daughter, Jessica, is expelled from the Slade School of Fine Art, but her aunt Grace comes to her rescue. In Whitehall, Giles Barrington discovers the truth about his wife Karin from the Cabinet Secretary. Is she a spy or a pawn in a larger game? Meanwhile, Lady Virginia is about to flee the country to avoid her creditors when the Duchess of Hertford dies, and she sees another opportunity to clear her debts and finally trump the Cliftons and Barringtons. In a devastating twist, tragedy engulfs the Clifton family when one of them receives a shocking diagnosis that will throw all their lives into turmoil.
60010. ‡aClifton, Harry ‡c(Fictitious character) ‡vFiction.
650 0. ‡aFamilies ‡vFiction.
650 0. ‡aSocial classes ‡zEngland ‡vFiction.
651 0. ‡aGreat Britain ‡xHistory ‡y20th century ‡vFiction.
655 7. ‡aSuspense fiction ‡2gsafd
655 7. ‡aThrillers (Fiction) ‡2lcgft
8001 . ‡aArcher, Jeffrey, ‡d1940- ‡tClifton chronicles ; ‡v7.
914 . ‡aSCP_jd
959 . ‡i32269001035040 ‡lF Arc ‡aAdult - Fiction ‡tHardback ‡g29.00
852 . ‡p32269001035040 ‡jF Arc ‡gAdult - Fiction ‡cHardback ‡y29.00 ‡bSBPL
901 . ‡a142453 ‡bUnknown ‡c142453 ‡tbiblio

Additional Resources